| 000 | 00710nam a2200217 i 4500 | ||
|---|---|---|---|
| 001 | 86098 | ||
| 003 | ES-MaACL | ||
| 005 | 20230906175355.0 | ||
| 007 | t| | ||
| 008 | 041207s1970 sp ||||1| spa d | ||
| 080 | _a612.75/.76 | ||
| 100 | 1 |
_aKapandji, Adalbert Ibrahim. _9174633 |
|
| 245 | 1 | 0 |
_aCuadernos de fisiología articular : _besquemas comentados de mecánica articular / _cpor I.A. Kapandji ; versión, E. Martínez. |
| 250 | _a1ª ed. | ||
| 260 |
_aBarcelona : _bToray Masson, _c1970. |
||
| 300 |
_a2 v. : _bil. ; _c27 cm. |
||
| 505 | 8 | _aContiene: 1. Miembro superior - 2. Miembro inferior | |
| 650 | 4 |
_aArticulaciones. _9150235 |
|
| 700 | 1 |
_aMartínez, E. _977731 |
|
| 852 | 4 |
_aES-MaACL _jP-1490 |
|
| 999 |
_c86098 _d86098 |
||